Perintah-perintah Am, Peraturan-peraturan Lembaga Tatatertib Perkhidmatan Awam, Arahan Perbendaharaan, Panduan Pengurusan Pejabat, Panduan Perbendaharaan Tatcara Pengurusan Stor, Tatacara Pengurusan Aset Alih Kerajaan, Akta Acara Kewangan

Bibliographic Details
Corporate Author: MALAYSIA
Format: Book
Published: Kuala Lumpur : MDC Publishers , 2009
Series:Undang-undang Malaysia
Subjects:

MARC

LEADER 00000cam a2200000 7i4500
001 0000003699
005 20090108.0
020 0 0 |a 9677011766 
090 0 0 |a 342.595068   |b MAL 2009 
110 1 0 |a MALAYSIA 
245 1 0 |a Perintah-perintah Am, Peraturan-peraturan Lembaga Tatatertib Perkhidmatan Awam, Arahan Perbendaharaan, Panduan Pengurusan Pejabat, Panduan Perbendaharaan Tatcara Pengurusan Stor, Tatacara Pengurusan Aset Alih Kerajaan, Akta Acara Kewangan 
260 0 0 |a Kuala Lumpur :   |b MDC Publishers ,   |c 2009 
300 |a 983p. ;   |c 26cm. 
440 0 0 |a Undang-undang Malaysia 
650 0 0 |a Administrative agencies   |x Rules and practice   |z Malaysia 
650 0 0 |a Administrative procedure   |z Malaysia 
650 0 0 |a Civil service ethics   |z Malaysia 
998 |a JPSM 
999 |a 0000007435   |b Monograph   |c Open Shelf   |e Default branch 
999 |a 0000007436   |b Monograph   |c Open Shelf   |e Default branch 
999 |a 0000007437   |b Monograph   |c Open Shelf   |e Default branch 
999 |a 0000007438   |b Monograph   |c Open Shelf   |e Default branch 
999 |a 0000007439   |b Monograph   |c Open Shelf   |e Default branch